000 00374nam a2200145Ia 4500
003 GCL
008 140319s9999 xx 000 0 eng d
040 _aGCL /
_cGCL
082 0 4 _a576.1602466
_bOH
245 1 0 _aHANDBOOK OF COSMETIC MICROBIOLOGY
260 _a[S.N] :
_bMacmillan Publishing Company ،
_c1993
300 _a591 P
650 0 4 _aMICROBIOLOGY
942 _2ddc
_cBK
999 _c19201
_d19201